000 00254nam a22001097a 4500
082 _a030
_bSCA/B
100 _aSCARRY'S, RICHARD
245 _aBEST WORLD BOOK EVER
260 _aLONDON
_bHARPER COLLINS
650 _aBEST WORLD BOOK EVER
_zLONDON
942 _cBK
999 _c2685
_d2685